000
00286nam a22001217a 4500
041
_a
ENG
100
_a
Charaya.J.S
245
_a
A Text Book Of Estimating And Costing Mechanical
260
_a
New Delhi
_b
Satya Prakashan
_c
1965
300
_a
50
650
_a
FMP
856
_u
FMP ( 04 )
999
_c
1448
_d
1448